000 00496nam a2200169Ia 4500
003 LDD
008 190117s9999 xx 000 0 und d
020 _a818648504x
_c₹300
040 _cLDD
041 _ahi
082 _a8h0.7 गु5142हि
100 _aगुप्त, रामनिवास
245 0 _aहिन्दी साहित्य
_cरामनिवास गुप्त
260 _aदिल्ली
_bदेव
_c1996
300 _aviii,268
942 _2ddc
_cH
999 _c157407
_d157407